000 00303nam a2200109Ia 4500
008 220204s9999 xx 000 0 und d
082 _a334
_bGAD
100 _aGADGIL, D R
245 0 _aWritings and speeches of professor D R Gadgil on cooperation
260 _aBombay
_bPOrient Longman
_c1975
942 _cBK
999 _c23162
_d23162